AH International Schools' Libraries

Land Of Black Gold / (Record no. 49845)

MARC details
000 -LEADER
fixed length control field 00418nam a2200145 4500
020 ## - INTERNATIONAL STANDARD BOOK NUMBER
International Standard Book Number 9781405206266
041 ## - LANGUAGE CODE
Language code of text/sound track or separate title English.
Language code of original and/or intermediate translations of text French.
100 ## - MAIN ENTRY--PERSONAL NAME
Personal name Herge.
9 (RLIN) 86985
245 ## - TITLE STATEMENT
Title Land Of Black Gold /
Statement of responsibility, etc Herge.
260 ## - PUBLICATION, DISTRIBUTION, ETC. (IMPRINT)
Place of publication, distribution, etc London:
Name of publisher, distributor, etc Egmont;
Date of publication, distribution, etc 2012.
300 ## - PHYSICAL DESCRIPTION
Extent 62 p.
Other physical details col. ill.
Dimensions 29 cm.
490 ## - SERIES STATEMENT
Series statement The adventures of Tintin;
650 ## - SUBJECT ADDED ENTRY--TOPICAL TERM
Topical term or geographic name as entry element Tintin (fictional character)
Form subdivision Comic strips.
9 (RLIN) 86988
942 ## - ADDED ENTRY ELEMENTS (KOHA)
Source of classification or shelving scheme
Koha item type Books/GRAPHICS
Holdings
Withdrawn status Lost status Source of classification or shelving scheme Damaged status Not for loan Collection code Home library Current library Shelving location Date acquired Full call number Barcode Date last seen Price effective from Koha item type
          SECONDARY Asian Hope Secondary Library Asian Hope Secondary Library SECONDARY 12/05/2025 J GRAPHIX HER 208612 12/05/2025 12/05/2025 Books/GRAPHICS

For any Logos Library related questions please contact Miss Art at swongnarasuk@asianhope.org.

For any Asian Hope Library related questions please contact Miss Raza at graza@asianhope.org.

Powered by Koha